000 01017nam a2200277 i 4500
003 DO-SdBNP
005 20260309134413.0
007 ta
008 260409b1988 dr c|||| |||| 00| 0 spa d
040 _aDO-SdBNP
_bspa
_cBNPHU
_erda
041 _aspa
082 4 _a324.7
_bR311
_222
245 1 0 _aRecopilación de temas políticos-electorales I :
_bcursos intensivo sobre sistemas electorales cuarto curso Sociología electoral
_cexpositor José M. Valles ; coordinador Clodoaldo Mateo Villanueva
264 1 _aSanto Domingo :
_bFundación Friedrich Ebert,
_c1988
300 _a51 páginas ;
_c23 cm.
336 _atexto
_btxt
_2rdacontent
337 _asinmediación
_bn
_2rdamedia
338 _avolumen
_bnc
_2rdacarrier
590 _aInventariado, 2026/DG
650 4 _aSistemas electorales
_zAmérica Latina
_987784
650 4 _aElecciones
_96411
700 1 _aValles, José M.
_eexpositor
_987478
_4pr.
700 1 _aVillanueva, Clodoaldo Mateo
_ecoordinador
_4coord.
_912224
910 _aDG
942 _2ddc
_cLBS1
999 _c60469
_d60469